000 00285nam a2200109Ia 4500
008 240521s2008 xx 000 0 und d
041 _aeng
100 _aHUNT S.
245 _aTHE WRIGHT EXPERIENCE,A MASTER ARCHITECT VISION
260 _bSARABAND LTD SCOTLAND.
_c2008
300 _a172
999 _c1161067
_d1161067